| 000 | 01418cam a2200229 4500 | ||
|---|---|---|---|
| 001 | WB4013-03 | ||
| 008 | 040331n2004 000 0 eng u | ||
| 035 | _a(Sirsi) u125701 | ||
| 245 | 4 | _aThe future for listed places of worship | |
| 260 | _c2004 | ||
| 490 |
_aDCMS News Release _v(014/04) 1 March 2004 (2) |
||
| 520 | _aGovernment has launched a public consultation on how listed places of worship should be protected. The consultation highlights the use of ecclesiastical exemption, where buildings held by certain denominations are exempt from listed building and conservation area controls. However, government wants English Heritage to oversee these denominations and take over if necessary which could stifle new development and stop churches from commissioning new work. The consultation, "The future of the ecclesiastical exemption", is available on the DCMS website, http://www.culture.gov.uk/global/consultations/200 4+current+consultations/cons_eexemption.htm. http://www.culture.gov.uk/global/press_notices/arc hive_2004/dcms014_04.htm?properties=archive%5F2004 %2C%2Fhistoric%5Fenvironment%2FQuickLinks%2Fpress% 5Fnotices%2Fdefault%2C&month= | ||
| 590 | _aWB | ||
| 590 | _aWB | ||
| 650 | _aECCLESIASTICAL EXEMPTION | ||
| 650 | _aCHURCHES | ||
| 650 | _aHISTORIC ENVIRONMENT | ||
| 650 | _aLISTED BUILDINGS | ||
| 650 | _aCONSERVATION AREAS. | ||
| 690 | _aBUILDING CONSERVATION | ||
| 942 | _n0 | ||
| 999 |
_c117158 _d117158 |
||